[Event "Nuremberg-ch op 04th"]
[Site "Nuremberg"]
[Date "2004.05.23"]
[Round "5"]
[White "Wollenweber, Frank"]
[Black "Eisenach, Holger"]
[Result "1-0"]
[WhiteElo "1669"]
[BlackElo "1834"]
[PlyCount "55"]
[EventDate "2004.05.21"]
[EventType "swiss"]
[EventRounds "5"]
[EventCountry "GER"]
[SourceTitle "EXT 2006"]
[Source "ChessBase"]
[SourceDate "2005.11.24"]
[SourceVersion "1"]
[SourceVersionDate "2005.11.24"]
[SourceQuality "1"]

1. f4 d5 2. Nf3 Nf6 3. g3 e6 4. Bg2 Nc6 5. 0-0 g6 6. c3 Bg7 7. d4 0-0 8. Ne5 Nxe5 9. fxe5 Nd7 10. e4 c6 11. Be3 f6 12. exf6 Rxf6 13. Nd2 Rxf1+ 14. Qxf1 Qe7 15. e5 b6 16. Bf3 Bb7 17. h4 Rf8 18. Qh3 Ba6 19. Bg4 Re8 20. Bg5 Qf7 21. h5 Bd3 22. hxg6 Qxg6 23. Qh4 Rf8 24. Bh5 Rf4 25. Bxf4 Qf5 26. Qg4 c5 27. Qxf5 Bxf5 28. Rf1 1-0

[Event "Nuremberg-ch op 04th"]
[Site "Nuremberg"]
[Date "2004.05.22"]
[Round "2"]
[White "Lingl, Xenia"]
[Black "Wollenweber, Frank"]
[Result "0-1"]
[WhiteElo "1181"]
[BlackElo "1669"]
[PlyCount "76"]
[EventDate "2004.05.21"]
[EventType "swiss"]
[EventRounds "5"]
[EventCountry "GER"]
[SourceTitle "EXT 2006"]
[Source "ChessBase"]
[SourceDate "2005.11.24"]
[SourceVersion "1"]
[SourceVersionDate "2005.11.24"]
[SourceQuality "1"]

1. e4 e6 2. d4 g6 3. Nf3 Bg7 4. Nc3 Ne7 5. Be3 0-0 6. Bd3 c6 7. 0-0 d6 8. Qd2 Nd7 9. Bh6 Qb6 10. Bxg7 Kxg7 11. b3 c5 12. Qe3 cxd4 13. Qxd4+ Qxd4 14. Nxd4 a6 15. Nf3 b5 16. Rfe1 Bb7 17. Rad1 Rac8 18. Ne2 Nc5 19. Ng3 Rc7 20. h3 Rfc8 21. a3 Nxd3 22. cxd3 Rc3 23. Rd2 Rxb3 24. Ra1 Rcc3 25. Ne1 Rxa3 26. Rxa3 Rxa3 27. Rc2 Nc6 28. Kf1 b4 29. Ne2 a5 30. Rb2 Ba6 31. Rd2 b3 32. Nc1 a4 33. Kg1 Ra1 34. Rb2 Rxc1 35. Kf1 Bxd3+ 36. Kg1 Rxe1+ 37. Kh2 Re2 38. Rxe2 Bxe2 0-1

[Event "Nuremberg-ch op 04th"]
[Site "Nuremberg"]
[Date "2004.05.22"]
[Round "3"]
[White "Wollenweber, Frank"]
[Black "Herbst, Thomas"]
[Result "1-0"]
[WhiteElo "1669"]
[BlackElo "1946"]
[PlyCount "77"]
[EventDate "2004.05.21"]
[EventType "swiss"]
[EventRounds "5"]
[EventCountry "GER"]
[SourceTitle "EXT 2006"]
[Source "ChessBase"]
[SourceDate "2005.11.24"]
[SourceVersion "1"]
[SourceVersionDate "2005.11.24"]
[SourceQuality "1"]

1. f4 d5 2. Nf3 Nf6 3. g3 c6 4. Bg2 Bg4 5. 0-0 Nbd7 6. h3 Bxf3 7. Bxf3 e5 8. d3 Bd6 9. e3 0-0 10. Nc3 Re8 11. Kh2 Qc7 12. Bg2 Re7 13. e4 dxe4 14. Nxe4 Nxe4 15. Bxe4 Nc5 16. f5 f6 17. Be3 Rd7 18. Qf3 Na6 19. g4 Bc5 20. g5 Bxe3 21. Qxe3 Qd6 22. gxf6 Qxf6 23. Rg1 Nc7 24. Rg2 Nd5 25. Qf3 Rf8 26. Rag1 Qh6 27. Rg5 Nf6 28. Qg3 Re8 29. Rg2 Ree7 30. c4 Nh5 31. Qh4 Qf6 32. Rxh5 Qxh4 33. Rxh4 Rd6 34. Rxh7 Rf6 35. Rh4 Kf8 36. Rh8+ Kf7 37. b4 b6 38. b5 c5 39. Bd5+ 1-0

[Event "Nuremberg-ch op 04th"]
[Site "Nuremberg"]
[Date "2004.05.21"]
[Round "1"]
[White "Wollenweber, Frank"]
[Black "Kuespert, Helmut"]
[Result "0-1"]
[WhiteElo "1669"]
[BlackElo "2129"]
[PlyCount "80"]
[EventDate "2004.05.21"]
[EventType "swiss"]
[EventRounds "5"]
[EventCountry "GER"]
[SourceTitle "EXT 2006"]
[Source "ChessBase"]
[SourceDate "2005.11.24"]
[SourceVersion "1"]
[SourceVersionDate "2005.11.24"]
[SourceQuality "1"]

1. f4 c5 2. Nf3 g6 3. g3 Bg7 4. Bg2 Nc6 5. 0-0 d5 6. d3 e6 7. c3 Nge7 8. e4 0-0 9. e5 b6 10. Na3 a6 11. d4 Bd7 12. Nc2 Nf5 13. Bd2 Qe7 14. Be1 h5 15. Bf2 Rfc8 16. Qe2 Rc7 17. Rfd1 Na5 18. b3 Bb5 19. Qd2 Rac8 20. Na3 cxd4 21. Nxb5 dxc3 22. Nxc3 Rxc3 23. Bxb6 Qa3 24. Bxa5 Qxa5 25. Ne1 Bf8 26. Qe2 Re3 27. Qb2 Ba3 28. Qb1 Qc3 29. Bf1 Bb2 30. Bxa6 Ra8 31. Bb5 Bxa1 32. Qxa1 Rxe1+ 33. Rxe1 Qc5+ 34. Kg2 Qxb5 35. Qb2 Qd3 36. Qf2 Rc8 37. Re2 d4 38. h3 Rc1 39. Kh2 Ne3 40. Rd2 Qxd2 0-1